Television and the political image: a study of the impact of television on the 1959 general election (Record no. 426611)

000 -LEADER
fixed length control field 00513cam a22001457a 4500
008 - FIXED-LENGTH DATA ELEMENTS--GENERAL INFORMATION
fixed length control field 180718b1961 xxu||||| |||| 00| 0 eng d
082 ## - DEWEY DECIMAL CLASSIFICATION NUMBER
Classification number F8x42 T722
100 ## - MAIN ENTRY--PERSONAL NAME
Personal name Trenaman, Joseph
245 ## - TITLE STATEMENT
Title Television and the political image: a study of the impact of television on the 1959 general election
Statement of responsibility, etc. by Joseph Trenaman and Denis McQuail
260 ## - PUBLICATION, DISTRIBUTION, ETC.
Place of publication, distribution, etc. London
Name of publisher, distributor, etc. Methuen
Date of publication, distribution, etc. 1961
300 ## - PHYSICAL DESCRIPTION
Extent 287p
650 ## - SUBJECT ADDED ENTRY--TOPICAL TERM
Topical term or geographic name entry element Television in politics
650 ## - SUBJECT ADDED ENTRY--TOPICAL TERM
Topical term or geographic name entry element Great Britain. Parliament --Elections, 1959
700 ## - ADDED ENTRY--PERSONAL NAME
Personal name McQuail, Denis
Holdings
Withdrawn status Lost status Damaged status Not for loan Permanent Location Current Location Date acquired Full call number Barcode Date last seen Price effective from Koha item type
        Indian Institute of Public Administration Indian Institute of Public Administration 2009-10-30 F8x42 T722 27343 2018-07-21 2018-07-21 Book

Powered by Koha